[Event "TCh-UKR Clubs 2011"]
[Site "Alushta UKR"]
[Date "2011.05.21"]
[Round "9.1"]
[White "Kigel,D"]
[Black "Korobov,A"]
[Result "0-1"]
[WhiteElo "2198"]
[BlackElo "2660"]

1.d4 Nf6 2.c4 g6 3.Nc3 Bg7 4.e4 d6 5.Be2 O-O 6.Nf3 Na6 7.O-O e5 8.Re1 Qe8
9.Bf1 Bg4 10.d5 Nh5 11.h3 Bd7 12.Rb1 Nc5 13.b4 Na4 14.Nxa4 Bxa4 15.Qd3 Bd7
16.c5 f5 17.Ng5 Nf6 18.Qc4 Kh8 19.exf5 gxf5 20.b5 h6 21.Nf3 Qf7 22.c6 Bc8
23.Rd1 Rb8 24.Be3 bxc6 25.dxc6 Be6 26.Qc1 f4 27.Bxa7 Ra8 28.b6 cxb6 29.Bxb6 Nd5
30.Bc4 Rfc8 31.Qd2 Nxb6 32.Bxe6 Qxe6 33.Rxb6 Bf8 34.Ra1 Bg7 35.Rd1 Bf8 36.Ra1 Be7
37.Qc2 Rg8 38.Kh1 e4 39.Ng1 f3 40.g3 d5 41.Rab1 Qe5 42.c7 Rac8 43.Qc6 Bg5
44.R6b5 Rxc7 45.Qxd5 Qxd5 46.Rxd5 Rc2 47.Re5 Rxf2 48.Rxe4 Rc8 49.Rb3 Rc1
50.Rb7 Re2 51.Ra4 Re8 52.Rf7 Be3 53.Rxf3 Bxg1  0-1

[Event "ch-Siberia Women"]
[Site "Barnaul RUS"]
[Date "2011.05.21"]
[Round "2"]
[White "Ubiennykh,E"]
[Black "Kineva,E"]
[Result "1-0"]
[WhiteElo "2308"]
[BlackElo "2130"]

1.d4 Nf6 2.c4 g6 3.Nc3 Bg7 4.e4 O-O 5.Nf3 d6 6.Be2 Nbd7 7.O-O e5 8.Re1 c6
9.Bf1 Re8 10.Rb1 a5 11.b3 exd4 12.Nxd4 Nc5 13.f3 Nh5 14.g4 Nf6 15.Be3 h5
16.g5 Nfd7 17.Rb2 Ne5 18.h3 Ne6 19.Nxe6 Bxe6 20.Rc2 f6 21.f4 Nf7 22.f5 gxf5
23.g6 Ng5 24.Qxh5 fxe4 25.Bxg5 Bf5 26.Qh7+ Kf8 27.Bh6  1-0

[Event "Serbian Cup 2011"]
[Site "Valjevo SRB"]
[Date "2011.05.21"]
[Round "6.7"]
[White "Maksimovic,Br"]
[Black "Stamatovic,A"]
[Result "1-0"]
[WhiteElo "2440"]
[BlackElo "2219"]

1.d4 Nf6 2.Nf3 g6 3.c4 Bg7 4.Nc3 d6 5.e4 O-O 6.Be2 Nbd7 7.O-O e5 8.Be3 exd4
9.Nxd4 Nc5 10.f3 a5 11.Ndb5 Re8 12.Bxc5 dxc5 13.Qxd8 Rxd8 14.Nxc7 Rb8 15.Rad1 Bd7
16.e5 Ne8 17.Nxe8 Bxe8 18.f4 f6 19.Bg4 fxe5 20.Be6+ Kh8 21.f5 gxf5 22.Bxf5 Rd4
23.b3 Bc6 24.Rde1 Rd2 25.Be4 Bxe4 26.Nxe4 Rxa2 27.Nxc5 Re8 28.Rf2 Rxf2 29.Kxf2 b6
30.Ne4 Rd8 31.Re2 Bh6 32.Rc2 Rd4 33.Kf3 Rd3+ 34.Kg4 Bf8 35.Rc3 Rd1 36.Kf5 Ba3
37.Rg3 Bb2 38.Ke6 Rd8 39.Nd6  1-0

[Event "ch-Siberia Men"]
[Site "Barnaul RUS"]
[Date "2011.05.22"]
[Round "3"]
[White "Kuznetsov,E"]
[Black "Loskutov,O"]
[Result "0-1"]
[WhiteElo "2180"]
[BlackElo "2437"]

1.d4 Nf6 2.c4 g6 3.Nc3 Bg7 4.e4 d6 5.Nf3 O-O 6.Be2 e5 7.Be3 c6 8.dxe5 dxe5
9.Qxd8 Rxd8 10.h3 Na6 11.a3 Nh5 12.Rd1 Re8 13.Nd2 Nf4 14.Bf1 Ne6 15.Nb3 Bf8
16.Be2 Nac5 17.Nc1 Nd4 18.Rd2 a5 19.Bd1 a4 20.f4 Ncb3 21.Nxb3 Nxb3 22.Re2 Be6
23.Nxa4 exf4 24.Bxb3 fxe3 25.Rxe3 b5 26.Nc3 Bc5 27.Re2 Red8 28.Rd2 Bd4 29.Ke2 Bxc3
30.Rxd8+ Rxd8 31.bxc3 Ra8 32.Ra1 Kf8 33.Ke3 Ke7 34.Kd4 Bxc4 35.Bc2 Kd6 36.e5+ Kc7
37.Kc5 Bd5 38.g3 Bg2 39.h4 Rd8 40.Rd1 Re8 41.Re1 f6 42.e6 Bd5 43.e7 Kd7 44.Bd3 Bg2
45.Be4 Bxe4 46.Rxe4 f5 47.Re5 h6 48.h5 Rxe7 49.Rxe7+ Kxe7 50.hxg6 h5 51.g7 Kf7
52.g8=Q+ Kxg8 53.c4 f4 54.gxf4 h4 55.cxb5 cxb5  0-1

[Event "Trophee Roza Lallemand"]
[Site "Chalons en Champagne FRA"]
[Date "2011.05.22"]
[Round "7.3"]
[White "Guichard,P"]
[Black "Lam,S"]
[Result "1-0"]
[WhiteElo "2303"]
[BlackElo "2071"]

1.d4 Nf6 2.c4 g6 3.Nc3 Bg7 4.e4 O-O 5.Be2 d6 6.Nf3 Nbd7 7.O-O e5 8.Re1 exd4
9.Nxd4 Nc5 10.Bf3 Re8 11.b4 Ne6 12.Be3 Nd7 13.Rc1 Ng5 14.Qd2 Nxf3+ 15.Nxf3 Nf6
16.Bg5 Bg4 17.e5 dxe5 18.Qxd8 Raxd8 19.Nxe5 h6 20.Nxg4 hxg5 21.Nxf6+ Bxf6
22.Nd5 Be5 23.b5 Kg7 24.g3 Re6 25.Re3 c6 26.bxc6 bxc6 27.Nb4 Rd2 28.Rc2 Rxc2
29.Nxc2 Kf6 30.Rf3+ Ke7 31.Ra3 Kd6 32.Rxa7 f6 33.Ra5 f5 34.c5+ Kd5 35.Ne3+ Ke4
36.Kg2 Bd4 37.Nc4 Kd3 38.Nd6 Re2 39.Ra3+ Kc2 40.Rf3 g4 41.Rf4 Kd3 42.a4 Bxc5  1-0

[Event "Serbian Cup 2011"]
[Site "Valjevo SRB"]
[Date "2011.05.22"]
[Round "7.6"]
[White "Mirkovic,St"]
[Black "Stamatovic,A"]
[Result "1/2-1/2"]
[WhiteElo "2237"]
[BlackElo "2219"]

1.Nf3 Nf6 2.c4 g6 3.Nc3 Bg7 4.e4 d6 5.d4 O-O 6.Be2 Nbd7 7.O-O e5 8.Be3 exd4
9.Nxd4 Nc5 10.f3 a5 11.Qd2 Re8 12.Rfd1 Bd7 13.Rab1 Qe7 14.Bg5 Nfxe4 15.fxe4 Bxd4+
16.Qxd4 Qxg5 17.Nd5 Re5 18.Nxc7 Ne6 19.Qxd6 Nxc7 20.Qxc7 Bc6 21.Bf3 Rae8
22.Rf1 Qe3+ 23.Kh1 f5 24.Rbd1 fxe4 25.Bg4 Qg5 26.Rf7 R5e7 27.Rxe7 Rxe7 28.Qd8+ Kg7
29.Rf1 Be8 30.Be6 Qc5 31.Bd5 Bf7 32.Qb8 Qc7 33.Qxc7 Rxc7 34.Bxf7 Rxf7 35.Rxf7+ Kxf7
36.Kg1 Ke6 37.Kf2 Kd6 38.Ke3 Kc5 39.b3 Kb4 40.Kxe4 Ka3 41.Kd3 Kxa2 42.Kc3 b6
43.Kc2 Ka3 44.Kc3 Ka2 45.Kc2  1/2-1/2

[Event "XXVI Felix Cup"]
[Site "Baile Felix ROU"]
[Date "2011.05.23"]
[Round "6.4"]
[White "Bonte,An"]
[Black "Stegariu,V"]
[Result "1-0"]
[WhiteElo "2323"]
[BlackElo "2220"]

1.d4 Nf6 2.c4 g6 3.Nc3 Bg7 4.e4 d6 5.Nf3 O-O 6.Be2 Nbd7 7.O-O e5 8.Be3 Ng4
9.Bg5 f6 10.Bd2 Nh6 11.Qc2 c6 12.d5 c5 13.a4 a5 14.Nb5 Nb8 15.Ne1 Na6 16.Ra3 Nc7
17.Nxc7 Qxc7 18.Qc1 Nf7 19.Rg3 Qe7 20.Nc2 Bd7 21.b3 f5 22.exf5 Bxf5 23.Bg4 Kh8
24.Bxf5 gxf5 25.f4 exf4 26.Bxf4 Ne5 27.Bd2 Rf7 28.Bc3 b6 29.Ne1 Rg8 30.Qd2 Ng6
31.Bxg7+ Rgxg7 32.Re3 Qf8 33.Re6 f4 34.Nf3 Qd8 35.Rfe1 Nf8 36.Re8 Qd7 37.R1e6 Rg6
38.Qc3+ Kg8 39.Rxg6+ hxg6 40.Qe1 Qf5 41.h4 Qf6 42.Ng5 Rd7 43.Qe6+ Rf7 44.Rxf8+  1-0

[Event "ch-Siberia Men"]
[Site "Barnaul RUS"]
[Date "2011.05.24"]
[Round "5"]
[White "Kuznetsov,E"]
[Black "Kovalev,Vit"]
[Result "0-1"]
[WhiteElo "2180"]
[BlackElo "2060"]

1.d4 Nf6 2.c4 g6 3.Nc3 Bg7 4.e4 d6 5.Nf3 O-O 6.Be2 e5 7.Be3 Ng4 8.Bg5 f6
9.Bc1 Nc6 10.O-O Nh6 11.d5 Ne7 12.b4 Nf7 13.h4 f5 14.Ng5 Nxg5 15.hxg5 fxe4
16.Nxe4 Nf5 17.a4 Nd4 18.Ra3 Bf5 19.Re3 h6 20.Bd3 Qd7 21.f3 h5 22.Bd2 Rf7
23.Ree1 Raf8 24.Bb1 h4 25.Bc3 Bxe4 26.Bxe4 Nf5 27.Rf2 h3 28.Qd3 hxg2 29.Rxg2 Nh4
30.Rg3 Rf4 31.Rf1 Nf5 32.Rg2 Rf7 33.c5 b6 34.c6 Qc8 35.Rff2 Bf8 36.Rg4 Qd8
37.Rxf4 exf4 38.Bf6 Rxf6 39.gxf6 Ng3 40.Qd4 Qe8 41.Rh2 Bh6 42.Kf2 Nh5 43.Bd3 Qe3+
44.Qxe3 fxe3+ 45.Ke1 Kf7 46.a5 Kxf6 47.axb6 axb6 48.Ra2 Nf4 49.Be4 Bg5 50.Rh2 Bh4+
51.Rxh4 Ng2+ 52.Ke2 Nxh4 53.Kxe3 Nf5+ 54.Kd3 Ke5 55.Kc4 Ne7 56.Kb5 g5 57.Ka6 g4  0-1

[Event "XX Guillermo Garcia Mem Talents"]
[Site "Santa Clara CUB"]
[Date "2011.05.25"]
[Round "3.3"]
[White "Ochoa de la Rosa,M"]
[Black "Moreno del Pozo,O"]
[Result "1-0"]
[WhiteElo "2149"]
[BlackElo "2147"]

1.d4 Nf6 2.c4 g6 3.Nc3 Bg7 4.e4 d6 5.Be2 O-O 6.Nf3 Nbd7 7.O-O e5 8.Qc2 c6
9.Rd1 Re8 10.Be3 Qe7 11.d5 c5 12.a3 Nf8 13.b4 b6 14.bxc5 bxc5 15.Nd2 Ng4
16.Bxg4 Bxg4 17.f3 Bc8 18.Nb3 f5 19.Nb5 f4 20.Bxc5 dxc5 21.d6 Qd8 22.Nc7 Bd7
23.Nxc5 Rc8 24.Nb7 Qf6 25.Nxe8 Bxe8 26.c5 Bd7 27.Na5 Ne6 28.c6 Kh8 29.Qa4 Rxc6
30.Nxc6 Nd4 31.Rac1 Bf8 32.Rxd4 exd4 33.e5 Qf5 34.Qxd4 Bg7 35.Qe4 Qe6 36.Nd8 Qe8
37.e6 Qxd8 38.exd7 Qxd7 39.Qa8+  1-0

[Event "Zonal 3.3"]
[Site "Tagaytay City PHI"]
[Date "2011.05.25"]
[Round "2"]
[White "Paragua,M"]
[Black "Purnama,T"]
[Result "1-0"]
[WhiteElo "2542"]
[BlackElo "2404"]

1.d4 Nf6 2.c4 g6 3.Nc3 Bg7 4.e4 d6 5.Be2 O-O 6.Nf3 Na6 7.O-O e5 8.Be3 c6
9.d5 Bd7 10.Nd2 Qc7 11.a3 Rfc8 12.Rc1 Qd8 13.b4 c5 14.Nb5 Ne8 15.Qb3 b6 16.f4 exf4
17.Bxf4 Qe7 18.Bd3 Be5 19.Be3 Nf6 20.Nf3 Ng4 21.Nxe5 Nxe3 22.Nxf7 Nxf1 23.Rxf1 Rf8
24.Nbxd6 Rxf7 25.Nxf7 Rf8 26.d6 Qe6 27.Nh6+ Kg7 28.Qb2+ Kxh6 29.Rxf8 Qxd6
30.Rf7 Qxd3 31.Qg7+ Kg5 32.Qf6+  1-0

[Event "XXX Zalakaros Open"]
[Site "Zalakaros HUN"]
[Date "2011.05.25"]
[Round "6"]
[White "Pasztor,F1"]
[Black "Kislik,E"]
[Result "0-1"]
[WhiteElo "2205"]
[BlackElo "2347"]

1.d4 Nf6 2.Nf3 g6 3.c4 Bg7 4.Nc3 O-O 5.e4 d6 6.Be2 e5 7.d5 a5 8.Bg5 h6 9.Bh4 Na6
10.Nd2 Qe8 11.g4 a4 12.f3 h5 13.g5 Nh7 14.Nxa4 f6 15.gxf6 Nxf6 16.Bg5 Nh7
17.Be3 Bd7 18.Nc3 Bf6 19.Nf1 Bh4+ 20.Ng3 Ng5 21.Rf1 Nh3 22.Qd2 Nc5 23.O-O-O Rxa2
24.Kb1 Ra1+ 25.Kxa1 Nb3+ 26.Kb1 Nxd2+ 27.Bxd2 Qa8 28.Kc2 Qa7 29.Ra1 Qb6 30.Nd1 c6
31.dxc6 bxc6 32.Be3 Qb4 33.Ra7 Be6 34.Bd2 Qb8 35.Ra3 Nf4 36.Bxf4 exf4 37.Nh1 Qb6
38.Nhf2 Rb8 39.Nd3 Bxc4 40.Nc1 Bxe2 41.Nxe2 Qb5 42.Rd3 Bf6 43.Nxf4 Bxb2 44.Ne2 Ba3
45.Nec3 Qb3+ 46.Kd2 Bb4 47.Rf2 Ra8 48.Ke2 Ra1 49.f4 Rxd1  0-1

[Event "Chicago Open"]
[Site "Wheeling USA"]
[Date "2011.05.26"]
[Round "1"]
[White "Bercys,S"]
[Black "Aliyev,T"]
[Result "1-0"]
[WhiteElo "2468"]
[BlackElo "2256"]

1.d4 Nf6 2.Nf3 g6 3.c4 Bg7 4.Nc3 O-O 5.e4 d6 6.Be2 e5 7.Be3 Ng4 8.Bg5 f6
9.Bh4 Na6 10.O-O Qe8 11.h3 Nh6 12.Re1 Kh8 13.Bf1 c6 14.Rb1 Nc7 15.b4 g5 16.Bg3 Ne6
17.d5 g4 18.hxg4 Nf4 19.dxc6 bxc6 20.Bxf4 exf4 21.Qxd6 Bxg4 22.Qxf4 f5 23.e5 Bxf3
24.Qxf3 Ng4 25.Ne2 Nxe5 26.Qh3 Rd8 27.Nf4 Rd4 28.Nh5 Qg6 29.Nxg7 Qxg7 30.Rb3 Ng4
31.Rf3 f4 32.Bd3 Rg8 33.g3 Rf8 34.Qh5 Rd6 35.Rxf4 Rxd3 36.Rxf8+ Qxf8  1-0

[Event "Goodbye Spring"]
[Site "Lviv UKR"]
[Date "2011.05.27"]
[Round "2.1"]
[White "Polulikh,Bogdan"]
[Black "Zazuliak,A"]
[Result "1/2-1/2"]
[WhiteElo "1848"]
[BlackElo "2189"]

1.d4 Nf6 2.c4 g6 3.Nc3 Bg7 4.e4 d6 5.Nf3 O-O 6.Be2 Nbd7 7.O-O e5 8.Qc2 exd4
9.Nxd4 Re8 10.Be3 Nc5 11.f3 Nh5 12.Nb3 Nxb3 13.axb3 f5 14.Bd3 Nf6 15.Bf2 f4
16.Nd5 Nh5 17.c5 dxc5 18.Bxc5 c6 19.Nc3 Bd4+ 20.Bxd4 Qxd4+ 21.Kh1 Be6 22.Ne2 Qe5
23.Bc4 a6 24.Bxe6+ Qxe6 25.Qc4 Rad8 26.Rfd1 Qxc4 27.bxc4 g5 28.Kg1 Ng7 29.Kf2 Ne6
30.b4 Kf7 31.g3 Kf6 32.Kg2 Rg8 33.Kf2 Ke5 34.Ra5+ Kf6 35.Rxd8 Rxd8 36.Rf5+ Ke7
37.gxf4 gxf4 38.Nxf4 Nxf4 39.Rxf4 Rd4 40.Rh4 b5 41.Rxh7+ Ke6 42.Ra7 Rxc4
43.Rxa6 Kd6 44.h4 Rxb4 45.h5 Rb1 46.Kg2 Rb2+ 47.Kg3 Rb1 48.Ra2  1/2-1/2

[Event "84th ch-St Petersburg"]
[Site "St Petersburg RUS"]
[Date "2011.05.27"]
[Round "7"]
[White "Goganov,A"]
[Black "Yevseev,D"]
[Result "1-0"]
[WhiteElo "2480"]
[BlackElo "2527"]

1.d4 Nf6 2.c4 g6 3.Nc3 Bg7 4.e4 d6 5.Nf3 O-O 6.Be2 e5 7.O-O exd4 8.Nxd4 Re8
9.f3 c6 10.Kh1 Nh5 11.g4 Nf6 12.Rg1 Nbd7 13.Bf4 Ne5 14.Qd2 a6 15.Rad1 Qe7
16.Nc2 Rd8 17.Bh6 Bxh6 18.Qxh6 b5 19.Ne3 b4 20.Na4 Rb8 21.Qh4 Re8 22.Rg2 Bb7
23.g5 Nh5 24.c5 d5 25.f4 Nd7 26.Bxh5 Qxe4 27.Bg4 Nf8 28.Nc2 Qxf4 29.Qf2 Qxf2
30.Rxf2 Re5 31.h4 Re4 32.Rd4 Rbe8 33.Bf3 Rxd4 34.Nxd4 Re1+ 35.Kg2 Ne6 36.Nxe6 fxe6
37.Re2 Rxe2+ 38.Bxe2 Kf7 39.Nb6 Ke7 40.Kf2 a5 41.Ke3 e5 42.Bg4 Ba6 43.Nd7  1-0

[Event "Zonal 3.3"]
[Site "Tagaytay City PHI"]
[Date "2011.05.27"]
[Round "5"]
[White "Datu,A"]
[Black "Dimakiling,O"]
[Result "1/2-1/2"]
[WhiteElo "2218"]
[BlackElo "2408"]

1.d4 Nf6 2.c4 g6 3.Nc3 Bg7 4.e4 O-O 5.Nf3 d6 6.Be2 e5 7.O-O Na6 8.Re1 exd4
9.Nxd4 Nc5 10.f3 Nh5 11.g3 Re8 12.Bf1 f5 13.Bg2 c6 14.Nb3 Be6 15.Nxc5 dxc5
16.Qxd8 Raxd8 17.Bg5 Rd3 18.exf5 gxf5 19.Rad1 Bxc3 20.bxc3 Rxc3 21.Bf1 Kf7
22.Re5 Nf6 23.Rxc5 Rxf3 24.Ra5 a6 25.Be2 Rc3 26.Bd2 Bxc4 27.Bxc3 Bxe2 28.Rd2 Nd5
29.Raxd5 cxd5 30.Rxd5 Bg4 31.Rd7+ Re7 32.Rxe7+ Kxe7 33.Kf2 Kd6 34.Ke3 Kc5
35.Kd3 Bf3 36.Bd2 Kb5 37.Kc3 Bd5 38.a3 Ka4 39.Kb2 Bg2 40.h4  1/2-1/2

[Event "e2e4 Sunningdale Open"]
[Site "Ascot ENG"]
[Date "2011.05.28"]
[Round "2"]
[White "Bonafont,P"]
[Black "Malhotra,Tarun"]
[Result "1-0"]
[WhiteElo "2135"]
[BlackElo "1954"]

1.d4 Nf6 2.Nf3 g6 3.c4 Bg7 4.Nc3 O-O 5.e4 d6 6.Be2 e5 7.d5 a5 8.Bg5 h6 9.Bh4 Na6
10.Nd2 Nc5 11.O-O g5 12.Bg3 Nh7 13.b3 f5 14.f3 f4 15.Bf2 h5 16.a3 b6 17.b4 Nb7
18.Qc2 g4 19.Rfc1 Bh6 20.Nf1 Ng5 21.Kh1 gxf3 22.Bxf3 Nxf3 23.gxf3 Bh3 24.Nd2 Kh8
25.Rg1 axb4 26.axb4 Rxa1 27.Rxa1 Rg8 28.Rg1 Rxg1+ 29.Bxg1 Qh4 30.Qd1 Nd8
31.Nb5 Qg5 32.Qe2 Qe7 33.Nb3 Nf7 34.c5 bxc5 35.bxc5 Bg5 36.c6 Bh4 37.Bf2 Bf6
38.Be1 Qd8 39.Ba5 Qa8 40.Nxc7 Qa7 41.Ne6 Ng5 42.c7 Qa8 43.Qb5  1-0

[Event "ch-KAZ 2011"]
[Site "Astana KAZ"]
[Date "2011.05.28"]
[Round "13"]
[White "Ospanov,N"]
[Black "Davletbayeva,M"]
[Result "1-0"]
[WhiteElo "2250"]
[BlackElo "2234"]

1.d4 Nf6 2.c4 g6 3.Nc3 Bg7 4.e4 O-O 5.Nf3 d6 6.Be2 e5 7.Be3 exd4 8.Nxd4 Re8
9.f3 c6 10.O-O d5 11.cxd5 cxd5 12.Qb3 dxe4 13.fxe4 Nc6 14.Rad1 Qe7 15.Kh1 Nxd4
16.Bxd4 Be6 17.Qb5 a6 18.Qb6 Rac8 19.Bf3 Rc4 20.Nd5 Nxd5 21.exd5 Bxd4 22.Rxd4 Rxd4
23.Qxd4 Bf5 24.d6 Qd7 25.Kg1 Qb5 26.Rd1 Bd7 27.h3 b6 28.b3 Rc8 29.Re1 Bc6
30.Rc1 Bd7 31.Rc7 Re8 32.a4 Qf5 33.Kh2 h5 34.Bc6 Bxc6 35.Rxc6 Rb8 36.b4 Qe6
37.b5 axb5 38.axb5 Qf5 39.d7 Rd8 40.Rc8 Rxc8 41.dxc8=R+ Qxc8 42.Qxb6 Kf8
43.Qd6+ Ke8 44.b6 Qd7 45.Qb8+ Ke7 46.b7 f6 47.Qa7 Qd6+ 48.Kh1 Qd1+ 49.Qg1 Qd6
50.Qb1 Qb8 51.Qxg6 Ke6 52.Qb1 Kd7 53.Qb5+ Kd6 54.Qb6+ Ke5 55.Qc5+  1-0

[Event "TCh-FRA Top 12 2011"]
[Site "Mulhouse FRA"]
[Date "2011.05.28"]
[Round "3.4"]
[White "Housieaux,D"]
[Black "Fressinet,L"]
[Result "0-1"]
[WhiteElo "2436"]
[BlackElo "2677"]

1.d4 Nf6 2.c4 g6 3.Nc3 Bg7 4.e4 O-O 5.Nf3 d6 6.Be2 Na6 7.O-O e5 8.Be3 c6
9.Re1 Ng4 10.Bg5 Qc7 11.h3 exd4 12.Nxd4 Nf6 13.Nb3 Re8 14.Bf1 Nd7 15.Qd2 Nac5
16.Nxc5 Nxc5 17.Rad1 Be5 18.Bh6 a5 19.Kh1 a4 20.f4 Bh8 21.a3 f5 22.exf5 Bxf5
23.g4 Ne4 24.Qe3 Qf7 25.Qf3 Nxc3 26.bxc3 Bc2 27.Rc1 Rxe1 28.Rxe1 Re8 29.Re3 Bf6
30.Qe2 Rxe3 31.Qxe3 Qe7 32.Qd2 Be4+ 33.Kh2 Kf7 34.Qe3 c5 35.Qd2 Qe6 36.Kg3 Bc6
37.Bd3 Ke7 38.Bf1 Qe4 39.Qe2 Bxc3 40.Bg5+ Kf7 41.Qxe4  0-1

[Event "TCh-FRA Top 12 2011"]
[Site "Mulhouse FRA"]
[Date "2011.05.28"]
[Round "3.6"]
[White "Van Heirzeele,D"]
[Black "Maze,S"]
[Result "1/2-1/2"]
[WhiteElo "2143"]
[BlackElo "2571"]

1.d4 Nf6 2.c4 d6 3.Nf3 Nbd7 4.Nc3 e5 5.e4 g6 6.Be2 Bg7 7.O-O O-O 8.Qc2 c6
9.Rd1 Qe7 10.d5 c5 11.g3 Kh8 12.a3 Ng8 13.Nh4 Bh6 14.b4 Bxc1 15.Qxc1 a5 16.bxa5 f5
17.exf5 gxf5 18.f4 Ndf6 19.Rf1 Re8 20.Qe3 Qg7 21.Qd2 Nh6 22.Rae1 Bd7 23.Bd1 e4
24.Ng2 Nfg8 25.Nb5 Bxb5 26.cxb5 c4 27.Qb4 c3 28.Bb3  1/2-1/2

[Event "ch-UZB Major w"]
[Site "Tashkent UZB"]
[Date "2011.05.28"]
[Round "8"]
[White "Mamatkulova,M"]
[Black "Qurbonboeva,S"]
[Result "0-1"]
[WhiteElo "2046"]
[BlackElo "2073"]

1.d4 Nf6 2.c4 g6 3.Nc3 Bg7 4.e4 d6 5.Nf3 O-O 6.Be2 Nbd7 7.O-O e5 8.d5 Nc5
9.Qc2 a5 10.Be3 b6 11.h3 Nh5 12.Rfe1 Nf4 13.Bf1 f5 14.Bxf4 exf4 15.e5 dxe5
16.Nxe5 Bd7 17.Rad1 Bxe5 18.Rxe5 Qf6 19.Ree1 f3 20.d6 fxg2 21.Bxg2 c6 22.Re7 f4
23.Ne4 Nxe4 24.Qxe4 Rad8 25.f3 Rf7 26.c5 bxc5 27.Qc4 Kf8 28.Rxf7+ Qxf7 29.Qxc5 Qf5
30.Qd4 Kg8 31.Re1 Be6 32.Qb6 Rc8 33.Qd4 c5 34.Qc3 c4 35.Re5 Qf6 36.Qxa5 Bf7
37.d7 Rd8 38.Rc5 Rxd7 39.Rc8+ Kg7 40.Qc5 Qd4+ 41.Qxd4+ Rxd4 42.Bf1 Rd1 43.a4 Be6
44.Rc7+ Kf6 45.Rc6 Ke5 46.Kf2 Bd5 47.Rc5 Rd2+ 48.Be2 Kd4 49.Rb5 Bc6 50.Rb8 Kc5
51.Ke1 Rd7 52.Rc8 Rd6 53.a5 Kb5 54.a6 Kxa6 55.Bxc4+ Kb7 56.Rf8 Rd4 57.Be2 g5
58.Rf7+ Rd7 59.Rf5 h6 60.b4 Re7 61.Kf2 Bd7 62.Rf6 h5 63.Rg6 Re5 64.Rg7 Kc8
65.Rh7 h4 66.Bf1 Rd5 67.Rg7 Rd2+ 68.Ke1 Rd5 69.Ba6+ Kd8 70.Bf1 Kc8 71.Rg8+ Kc7
72.Rg7 Kd6 73.Rg6+ Kc7 74.Kf2 Re5 75.Ra6 Kb7 76.Ra5 Rf5 77.Rxf5 Bxf5 78.Ke1 Kc6
79.Kd2 Be6 80.Kc3 Bd5 81.Be2 Be6 82.Bf1 Bd5 83.Bg2 Kd6 84.Kd4 Bc6 85.Kc4 Bd5+
86.Kb5 Ba8 87.Kb6 Bd5 88.Kb5 Ba8 89.Kc4 Bd5+ 90.Kd3 Bc6 91.Kd4 Bb5 92.Ke4 Ke6
93.Kd4 Kd6 94.Ke4 Ke6 95.Kd4 Ba6 96.Kc5 Ke5 97.Kb6 Bd3 98.Kc5 Be2 99.Bh1 Bf1
100.b5 Bxh3 101.Kc6 Bc8 102.b6 Be6 103.b7 Bd5+ 104.Kb6 Bxb7 105.Kxb7 Kd4
106.Kc8 h3 107.Kd7 Ke3 108.Ke6 Kf2 109.Kf5 Kg1 110.Kxg5 Kxh1 111.Kxf4 Kg2  0-1

[Event "e2e4 Sunningdale Open"]
[Site "Ascot ENG"]
[Date "2011.05.29"]
[Round "5"]
[White "Coates,D"]
[Black "Lexton,M"]
[Result "1/2-1/2"]
[WhiteElo "2080"]
[BlackElo "2051"]

1.d4 Nf6 2.c4 g6 3.Nc3 Bg7 4.e4 d6 5.Nf3 O-O 6.Be2 e5 7.O-O Na6 8.Re1 Qe8
9.Bf1 Bg4 10.d5 h6 11.h3 Bd7 12.Be3 Nc5 13.Nd2 a5 14.b3 Nh5 15.g3 f5 16.Bxc5 dxc5
17.Bg2 f4  1/2-1/2

[Event "3rd Orissa Open"]
[Site "Bhubaneswar IND"]
[Date "2011.05.29"]
[Round "2"]
[White "Laxman,R"]
[Black "Majumdar,C"]
[Result "1-0"]
[WhiteElo "2446"]
[BlackElo "2182"]

1.Nf3 Nf6 2.c4 g6 3.Nc3 Bg7 4.e4 d6 5.d4 O-O 6.Be2 e5 7.Be3 c6 8.O-O Qe7
9.d5 c5 10.a3 Ng4 11.Bg5 f6 12.Bh4 Nh6 13.Nd2 Na6 14.f3 Nf7 15.Rb1 Bh6 16.Bf2 f5
17.b4 b6 18.Rb2 Bg5 19.Bd3 f4 20.Bc2 Bf6 21.Ba4 g5 22.Bc6 Rb8 23.Qa4 cxb4
24.axb4 h5 25.b5 Nc5 26.Bxc5 dxc5 27.Ra1 Nd6 28.Qxa7 Qxa7 29.Rxa7 g4 30.Rba2 gxf3
31.gxf3 Bh4 32.Kf1 Kh8 33.Bd7 Bxd7 34.Rxd7 Rfd8 35.Rc7 Ra8 36.Ra6 Rdb8 37.Rc6 Nc8
38.d6  1-0

[Event "ch-UZB Major"]
[Site "Tashkent UZB"]
[Date "2011.05.29"]
[Round "9"]
[White "Kasyan,A"]
[Black "Faizulaev,A"]
[Result "0-1"]
[WhiteElo "2340"]
[BlackElo "2341"]

1.d4 Nf6 2.c4 g6 3.Nc3 Bg7 4.e4 d6 5.Be2 O-O 6.Nf3 e5 7.O-O Na6 8.Be3 Ng4
9.Bg5 Qe8 10.c5 exd4 11.Nd5 h6 12.Bh4 g5 13.Bxa6 gxh4 14.Nxc7 Qc6 15.Nxa8 bxa6
16.cxd6 Qxa8 17.Re1 Rd8 18.e5 Bb7 19.e6 fxe6 20.Nxd4 Nxf2 21.Qe2 Nh3+ 22.Kh1 Nf4  0-1

[Event "Chicago Open"]
[Site "Wheeling USA"]
[Date "2011.05.29"]
[Round "6"]
[White "Gurevich,D"]
[Black "Kacheishvili,G"]
[Result "1/2-1/2"]
[WhiteElo "2476"]
[BlackElo "2599"]

1.d4 Nf6 2.c4 g6 3.Nc3 Bg7 4.e4 d6 5.Nf3 O-O 6.Be2 e5 7.O-O exd4 8.Nxd4 Re8
9.f3 c6 10.Kh1 Nh5 11.g4 Nf6 12.Bg5 h6 13.Bh4 Nbd7 14.Bg3 h5 15.h3 hxg4 16.hxg4 Ne5
17.Qd2 Qe7 18.Rad1 a6 19.Kg2 Bd7 20.Nc2 Be6 21.Ne3 Rad8 22.g5 Nh5 23.f4 Nxg3
24.Kxg3 b5 25.fxe5 Bxe5+  1/2-1/2

[Event "XX Guillermo Garcia Mem Talents"]
[Site "Santa Clara CUB"]
[Date "2011.05.30"]
[Round "9.3"]
[White "De La Torre Sanchez,Adrian"]
[Black "Moreno del Pozo,O"]
[Result "0-1"]
[WhiteElo "2080"]
[BlackElo "2147"]

1.d4 Nf6 2.c4 g6 3.Nc3 Bg7 4.e4 d6 5.Nf3 O-O 6.Be2 Nbd7 7.O-O e5 8.Be3 Re8
9.Qc2 c6 10.d5 c5 11.Nd2 Rf8 12.a3 Ne8 13.b4 b6 14.Nb3 f5 15.f3 f4 16.Bf2 g5
17.Rfd1 Rf6 18.Rab1 Rh6 19.Nb5 Qe7 20.Qd2 Qf7 21.h3 Ndf6 22.Nxd6 Nxd6 23.bxc5 Qh5
24.Bf1 bxc5 25.Nxc5 g4 26.Ne6 gxf3 27.c5 Ndxe4 28.Qa5 Nxf2 29.Qd8+ Qe8 30.Qxe8+ Nxe8
31.Nxg7 Nxd1 32.Nxe8 f2+ 33.Kh2 Bf5 34.Rxd1 Rxe8 35.d6 Bd7 36.Bc4+ Kf8  0-1

[Event "TCh-FRA Top 12 2011"]
[Site "Mulhouse FRA"]
[Date "2011.05.31"]
[Round "6"]
[White "Relange,E"]
[Black "Aguettaz,M"]
[Result "1/2-1/2"]
[WhiteElo "2466"]
[BlackElo "2417"]

1.d4 Nf6 2.c4 g6 3.Nc3 Bg7 4.e4 d6 5.Nf3 O-O 6.Be2 e5 7.Be3 Ng4 8.Bg5 f6
9.Bh4 g5 10.Bg3 Nh6 11.d5 a5 12.h4 g4 13.Nh2 Qd7 14.Nf1 Na6 15.Ne3 Nc5 16.O-O f5  1/2-1/2

[Event "TCh-FRA Top 12 2011"]
[Site "Mulhouse FRA"]
[Date "2011.05.31"]
[Round "6"]
[White "Manoeuvre,A"]
[Black "Lagarde,Max"]
[Result "1/2-1/2"]
[WhiteElo "2215"]
[BlackElo "2430"]

1.d4 Nf6 2.c4 g6 3.Nc3 Bg7 4.e4 O-O 5.Nf3 d6 6.Be2 Nbd7 7.O-O e5 8.Be3 Ng4
9.Bg5 Bf6 10.Bxf6 Ngxf6 11.dxe5 dxe5 12.Qc2 c6 13.Rad1 Qe7 14.b3 Nh5 15.Rfe1 Nf4
16.Bf1 Nc5 17.b4 Na6 18.a3 Bg4 19.Re3 Nc7 20.g3 Bxf3 21.Rxf3 Nfe6 22.Ne2 a5
23.Qb2 axb4 24.axb4 f6 25.Rb3 Rfd8 26.Rbd3 Rxd3 27.Rxd3 Rd8 28.Rxd8+ Qxd8
29.Qc2 Kg7 30.Bh3 Ng5 31.Bg2 Na6 32.h4 Ne6 33.Bh3 Nd4 34.Nxd4 Qxd4 35.b5 cxb5
36.cxb5 Nc5 37.Bg2 h5 38.Qa2 Nxe4 39.Bxe4 Qxe4 40.Qe6 Qb1+ 41.Kh2 Qxb5 42.Qe7+ Kg8  1/2-1/2

[Event "84th ch-St Petersburg"]
[Site "St Petersburg RUS"]
[Date "2011.05.31"]
[Round "11"]
[White "Usmanov,V"]
[Black "Shimanov,A"]
[Result "0-1"]
[WhiteElo "2289"]
[BlackElo "2583"]

1.d4 g6 2.c4 Bg7 3.Nf3 Nf6 4.Nc3 O-O 5.e4 d6 6.Be2 Nbd7 7.O-O e5 8.Re1 c6
9.Bf1 h6 10.Rb1 Nh7 11.d5 c5 12.Nb5 Qe7 13.a3 a6 14.Nc3 f5 15.b4 b6 16.Nd2 f4
17.f3 g5 18.Nb3 Bf6 19.g4 fxg3 20.hxg3 g4 21.Bxh6 Bg7 22.Bxg7 Qxg7 23.fxg4 Ndf6
24.Bg2 Nxg4 25.Qd2 Ng5 26.Rf1 Bd7 27.Rxf8+ Rxf8 28.Rf1 Rc8 29.bxc5 Qh6 30.Rf5 Bxf5
31.exf5 bxc5 32.Ne4 Qh2+ 33.Kf1 Nxe4 34.Bxe4 Qxg3 35.Qg5+ Kf8 36.Ke2 Qf2+
37.Kd3 Qf4 38.Qxf4 exf4 39.Bf3 Ne5+ 40.Ke4 Nxc4 41.Kxf4 Rb8 42.Nc1 Ne5 43.Bh5 Ke7
44.Ne2 Nd7 45.Kg5 Nf6 46.Nf4 Nxh5 47.Nxh5 c4 48.Kg6 Rg8+ 49.Ng7 c3 50.f6+ Kf8
51.Kh7 c2 52.Ne6+ Kf7  0-1

[Event "3rd Limpedea Cup"]
[Site "Baia Sprie ROU"]
[Date "2011.06.02"]
[Round "11"]
[White "Szabo,At1"]
[Black "Grigore,Ge"]
[Result "1/2-1/2"]
[WhiteElo "2283"]
[BlackElo "2505"]

1.d4 Nf6 2.Nf3 g6 3.c4 Bg7 4.Nc3 d6 5.e4 O-O 6.Be2 e5 7.O-O Nh5 8.Bg5 f6
9.Be3 Nf4 10.Bxf4 exf4 11.Re1 g5 12.c5 dxc5 13.dxc5 Qxd1 14.Raxd1 Nd7 15.Nd5 Nxc5
16.Nxc7 Rb8 17.Nd4 Kh8 18.Bc4 Bd7 19.Nde6 Nxe6 20.Nxe6 Bxe6 21.Bxe6 Rfe8
22.Bf5 Rbd8 23.Kf1 Bf8 24.Rd5 Rxd5 25.exd5 Rxe1+ 26.Kxe1 Kg7 27.Ke2 Bc5 28.f3 Kf8
29.Kd3 Ke7 30.Bxh7 Bg1 31.h3 Kd6 32.Ke4 b6 33.Bg8 a5 34.b3 Bf2 35.Bf7 Bg1
36.Be8 Bf2 37.Bb5 Bg1 38.Bc4 Bf2 39.Bf1 Bg1 40.Bd3 Bf2 41.Bf1 Bg1 42.g3 fxg3
43.Bg2 Bf2 44.f4 Be1 45.Kf5 Bd2 46.Kxf6 Bxf4 47.Kf5 Bc1 48.Bf3 Bd2 49.Kg4 Bc1
50.Kxg3 Bd2  1/2-1/2

[Event "TCh-FRA Top 12 2011"]
[Site "Mulhouse FRA"]
[Date "2011.06.02"]
[Round "8"]
[White "Delorme,Ax"]
[Black "Guilleux,F"]
[Result "0-1"]
[WhiteElo "2456"]
[BlackElo "2382"]

1.d4 Nf6 2.c4 g6 3.Nc3 Bg7 4.e4 d6 5.Nf3 O-O 6.Be2 e5 7.Be3 h6 8.dxe5 Ng4
9.Bc1 Nxe5 10.Nd4 Nbc6 11.Be3 Nxd4 12.Bxd4 Be6 13.Nd5 c6 14.Ne3 Qh4 15.Bxe5 dxe5
16.Qc2 f5 17.c5 Rad8 18.Bc4 Bxc4 19.Qxc4+ Kh8 20.exf5 Qxc4 21.Nxc4 Rd4 22.Nd6 gxf5
23.Rd1 e4 24.Rxd4 Bxd4 25.Ke2 b6 26.b4 bxc5 27.Rd1 Kg7 28.Nb7 f4 29.f3 Rb8
30.bxc5 Rxb7 31.Rxd4 Rb2+ 32.Kf1 exf3 33.gxf3 Rxh2 34.a4 Rc2 35.Rd7+ Kf6
36.Rd6+ Ke5 37.Rxc6 Kd4 38.Re6 Kxc5 39.Rxh6 a5 40.Rf6 Rc4 41.Rf5+ Kb4 42.Rd5  0-1